000 00652nam a2200205Ia 4500
003 GCL
008 140319s9999 xx 000 0 ara d
020 _a4905324977
040 _aGCL /
_cGCL
082 0 4 _a576.5
_bع هـ
100 1 _aعبدالباسط الجمل
245 1 0 _aالهندسة الوراثية وابحاث البيئة /
_cعبدالباسط الجمل
250 _aالاولى
260 _aالقاهرة :
_bدار الرشاد ،
_c2000
300 _a319 ص ؛
_c24 سم
650 0 4 _aحماية البيئة
650 0 4 _aالبيئة والانسان
650 0 4 _aالهندسة الوراثية
942 _2ddc
_cBK
999 _c46586
_d46586